Sistema Paláu. Balbuceos para los chiquitines

Uloženo v:
Podrobná bibliografie
Médium: Kniha
Jazyk:španělština
Vydáno: Madrid Anaya 1982
Témata:
Tagy: Přidat tag
Žádné tagy, Buďte první, kdo vytvoří štítek k tomuto záznamu!

MARC

LEADER 00000nam a2200000 a 4500
001 UCZ8454
003 CL-VaPUC
008 960121e19820000SP |||||||||||||||||spa|d
082 0 4 |a 372.6  |b SIS  |2 21 
245 1 0 |a Sistema Paláu. Balbuceos para los chiquitines 
300 |a 15 p 
942 |c BK 
945 |d 19960121 00:00:00  |a cmena 
260 |a Madrid  |b Anaya  |c 1982 
650 0 |a Enseñanza de la escritura  |9 307377 
650 0 |a Educación básica   |9 224933 
650 0 |a Métodos de enseñanza  |9 270413 
650 0 |a Escritura  |9 264941 
650 0 |a Lectura  |9 307634 
650 0 |a Enseñanza de la lectura  |9 308364 
583 |a last modification  |c 19960121 00:00:00  |k Rodrigo Vera 
999 |c 244352  |d 244350 
952 |0 0  |1 0  |4 0  |6 372_600000000000000_SIS_1982  |7 0  |8 P  |9 258387  |a BIBEDU  |b BIBEDU  |c BIBEDU_PB  |d 2019-11-19  |i 1617575  |o 372.6 SIS 1982  |p 1617575  |r 2024-01-25  |w 2019-11-19  |y BK  |k EDU